Online
Catalog

El Perdon de pecados / (Record no. 24640)

MARC details
000 -CABECERA
campo de control de longitud fija 00693nam a2200205 a 4500
001 - NÚMERO DE CONTROL
campo de control 000025147
005 - FECHA Y HORA DE LA ÚLTIMA TRANSACCIÓN
campo de control 20200930023604.0
008 - DATOS DE LONGITUD FIJA--INFORMACIÓN GENERAL
campo de control de longitud fija 110208s1976 ||| r 000 | spa d
040 ## - FUENTE DE LA CATALOGACIÓN
Centro catalogador/agencia de origen DO-SdBNP
Lengua de catalogación spa
Centro/agencia transcriptor BNPHU
041 ## - CÓDIGO DE LENGUA
Código de lengua del texto/banda sonora o título independiente eng
Código de lengua original spa
Fuente del código Código de idioma MARC
082 ## - NÚMERO DE LA CLASIFICACIÓN DECIMAL DEWEY
Número de clasificación xxx
Número de documento/Ítem A193l
049 ## - FONDOS LOCALES (OCLC)
Fondos de biblioteca BNGR
100 1# - ENTRADA PRINCIPAL--NOMBRE DE PERSONA
Nombre de persona Ashcraft , Morris
9 (RLIN) 51564
240 #0 - TÍTULO UNIFORME
Título uniforme The forgiveness of sins.
Lenguaje de la obra Español
245 13 - MENCIÓN DE TÍTULO
Título El Perdon de pecados /
Mención de responsabilidad, etc. Morris Ashcraft ; traducción María Teresa La Valle.
260 ## - PUBLICACIÓN, DISTRIBUCIÓN, ETC.
Lugar de publicación, distribución, etc. [ s. l. ] :
Nombre del editor, distribuidor, etc. Casa Bautista de Publicaciones,
Fecha de publicación, distribución, etc. 1976.
300 ## - DESCRIPCIÓN FÍSICA
Extensión 143 p. ;
Dimensiones 18 cm.
534 ## - NOTA SOBRE LA VERSIÓN ORIGINAL
Encabezamiento principal del original Título original :
Mención de título del original The forgiveness of sins.
700 1# - PUNTO DE ACCESO ADICIONAL--NOMBRE DE PERSONA
Nombre de persona Valle, María Teresa La
Término indicativo de función/relación tr.
9 (RLIN) 51565
Holdings
Estado de retiro Estado de pérdida Restricciones de uso No para préstamo Código de colección Localización permanente Ubicación/localización actual Ubicación en estantería Fecha de adquisición Número de inventario Total de préstamos Signatura topográfica completa Código de barras Fecha visto por última vez Precio válido a partir de Tipo de ítem Koha
      Excluido de préstamo Monografías: Libros y Folletos General General En catalogación 10.02.2011 LF1   xxx A193l 25147-10 25.06.2020 25.06.2020 No se presta

Powered by Koha